El problema del Ministro extraordinario de la confirmación: estudio histórico-teológico canónico

Salvato in:
Dettagli Bibliografici
Autore principale: Mostaza Rodríguez, Antonio (autor)
Natura: Libro
Lingua:spagnolo
Pubblicazione: Salamanca, España Instituto San Raimundo de Peñafort 1952
Soggetti:
Tags: Aggiungi Tag
Nessun Tag, puoi essere il primo ad aggiungerne!!

MARC

LEADER 00000nam a2200000 a 4500
001 UCV0180
003 CL-VaPUC
005 20221115074623.0
008 880606e19520000SP |||||||||||||||||spa|d
999 |c 208871  |d 208869 
040 |c Pontificia Universidad Católica de Valparaíso 
082 0 4 |a 262.933 MOS 1952  |2 21 
100 |a Mostaza Rodríguez, Antonio  |e autor  |9 294886 
245 1 3 |a El problema del Ministro extraordinario de la confirmación: estudio histórico-teológico canónico 
260 |a Salamanca, España  |b Instituto San Raimundo de Peñafort  |c 1952 
300 |a 386 páginas  
583 |a last modification  |c 20120322 03:29:35  |k Rodrigo Vera 
650 0 |a Confirmación   |9 255060 
852 |a BIBDER 
942 |c BK  |2 ddc 
945 |d 19880606 00:00:00 
952 |0 0  |1 0  |4 0  |6 262_933000000000000_MOS_1952  |7 0  |8 A  |9 183836  |a BIBDER  |b BIBDER  |d 2019-11-14  |i 2503166  |o 262.933 MOS 1952  |p 2503166  |r 2023-01-25  |w 2019-11-14  |y BK  |k DER